| 000 -ლიდერი |
| ფიქსირებული სიგრძის საკონტროლო ველი |
01111nam a22001937a 4500 |
| 003 - საკონტროლო ნომრის იდენტიფიკატორი |
| საკონტროლო ველი |
Ge_BSU |
| 005 - ბოლო ოპერაციის თარიღი და დრო |
| საკონტროლო ველი |
20221216163920.0 |
| 008 - ფიქსირებული სიგრძის მონაცემთა ელემენტები - ზოგადი ინფორმაცია |
| ფიქსირებული სიგრძის საკონტროლო ველი |
221216s1981ge xxu||||| |||| 00| 0 geo d |
| 041 ## - ენის კოდი |
| Language code of text/sound track or separate title |
geo |
| 080 ## - უნივერსალური ათობითი კლასიფიკაციის ინდექსი |
| Universal Decimal Classification number |
031=353.1 ქ-27 |
| 245 ## - ცნობა სათაურის შესახებ |
| Title |
ქართული საბჭოთა ენციკლოპედია : |
| Remainder of title |
საქართველოს სსრ / |
| Statement of responsibility, etc |
მთ. რედ.: ირ. აბაშიძე [და სხვ.] ; მხატვ. ლადო გრიგოლია. |
| 264 ## - წარმოების, გამოცემის, დისტრიბუციის და სხვა ცნობები |
| გამოცემის, წარმოების, დისტრიბუციის... ადგილი |
თბილისი : |
| გამოცემის, წარმოების, დისტრიბუციის... სახელწოდება |
მთავარი სამეცნიერო რედაქცია, |
| გამოცემის, წარმოების, დისტრიბუციის... თარიღი |
1981. |
| 300 ## - ფიზიკური აღწერა |
| Extent |
360 გვ. : |
| Other physical details |
ილ., რუკა, სქ. |
| Dimensions |
27 სმ. |
| 653 ## - INDEX TERM--UNCONTROLLED |
| Uncontrolled term |
ქართული საბჭოთა ენციკლოპედია. |
| 653 ## - INDEX TERM--UNCONTROLLED |
| Uncontrolled term |
საქართველოს სსრ -- ენციკლოპედიები. |
| 700 ## - ADDED ENTRY--PERSONAL NAME |
| Personal name |
აბაშიძე, ირ |
| Relator term |
მთავარი რედაქტორი |
| 9 (RLIN) |
16463 |
| 700 ## - ADDED ENTRY--PERSONAL NAME |
| Personal name |
გრიგოლია, ლადო |
| Relator term |
მხატვარი |
| 9 (RLIN) |
16464 |
| 942 ## - ADDED ENTRY ELEMENTS (KOHA) |
| Source of classification or shelving scheme |
|
| Koha item type |
წიგნი |